000 00430nam a2200181Ia 4500
001 11674
005 20260306162845.0
008 260306t1995||||xx |||||||||||||| ||spa||
041 _aESP
082 _a986.6071
_bM42
100 _aMena Villamar, Claudio
_eAUT
245 0 _aEcuador a comienzos de siglo
260 _c1995
300 _a155 páginas :
_c21 cm
650 _aGEN
654 _aCHU
942 _cLIB
_dJUS
_fJUS
_2ddc
_n
999 _c11674
_d11674